| 000 | 00594nam a2200169Ia 4500 | ||
|---|---|---|---|
| 008 | 090201s9999 xx 000 0 und d | ||
| 010 | _aKPL-53447 | ||
| 040 | _bमराठी | ||
| 041 | _aमराठी | ||
| 082 |
_a13259 _b53447 |
||
| 100 | _aभीमराव कुलकर्णी | ||
| 245 |
_aभाऊसाहेबांची कैफियत _cभीमराव कुलकर्णी |
||
| 260 |
_c2004 _bअनमोल प्रकाशन |
||
| 300 |
_a59 _bमोठा |
||
| 600 | _aभाऊसाहेबांची कैफियत | ||
| 942 | _cBOOK | ||
| 999 |
_c213475 _d213475 |
||